000 00390nam a2200145Ia 4500
008 230917s9999||||xx |||||||||||||| ||und||
040 _e6533
_aMAIN
041 _aEnglish
082 _a153.8 A83E
100 _aApter, Michael J
245 0 _aExperience of motivation: The theory of psychological reversals
260 _aLondon
_bAcademic Press
_c1982
300 _aix, 378 p.
942 _cBK
999 _c36755
_d36755